Top 20 QBs to never play in a Superbowl - Statistics

General Stats
  • This quiz has been taken 34 times
    19 since last reset
  • The average score is 7 of 20
Answer Stats
Teams QB % Correct
6. SDC/IND Philip Rivers
95%
1. HOU/MIN/SEA/KAN Warren Moon
79%
15. DAL Tony Romo
74%
3. SDC Dan Fouts
58%
16. CIN/OAK/ARI Carson Palmer
53%
11. NOS/HOU/MIN Archie Manning
42%
14. PHI/MIN/DAL/BAL Randall Cunningham
42%
18. CLE/DAL/MIA Bernie Kosar
32%
9. SFF John Brodie
32%
2. LAR/PHI Roman Gabriel
32%
10. ATL/LAR Steve Bartkowski
32%
13. DAL Don Meredith
21%
17. LAR/NOS/SDC Jim Everett
21%
4. SDC/LAR/GBP/HOU John Hadl
21%
12. PHO Neil Lomax
21%
5. CHI/BAL/HOU/OAK George Blanda
16%
19. IND/ATL/OAK/MIN/WAS/SEA/CHI Jeff George
16%
7. CLE/DET/LAR/NYG Milt Plum
16%
20. DAL/SFF/DEN/TBB/KAN/MIA/ATL Steve DeBerg
16%
8. LAR/CLE/WAS Frank Ryan
11%
No matching quizzes found
Score Distribution
Percent of People with Each Score
Percentile by Number Answered
Your Score History
You have not taken this quiz since the last reset